书目信息 |
| 题名: |
吉林省城市竞争力报告
|
|
| 作者: | 崔岳春, , 张磊, 主编 | |
| 分册: | 2019-2020 | |
| 出版信息: | 北京 社会科学文献出版社 2020.11 |
|
| 页数: | 283页 | |
| 开本: | 24cm | |
| 丛书名: | 皮书系列 | |
| 单 册: | ||
| 中图分类: | F299.273.4 | |
| 科图分类: | ||
| 主题词: | 城市--cheng shi--竞争力--研究报告--吉林--2019-2020 | |
| 电子资源: | ||
| ISBN: | 978-7-5201-7348-3 | |
| 000 | 01679nam 2200337 450 | |
| 001 | 202021193222 | |
| 005 | 20211025120136.0 | |
| 010 | @a978-7-5201-7348-3@dCNY128.00 | |
| 100 | @a20210927d2020 em y0chiy50 ea | |
| 101 | 0 | @achi@deng@eeng |
| 102 | @aCN@b110000 | |
| 105 | @aak a 000yy | |
| 106 | @ar | |
| 200 | 1 | @a吉林省城市竞争力报告@Aji lin sheng cheng shi jing zheng li bao gao@h2019-2020@d= Annual report on urban competitiveness of Jilin province@h2019-2020@e建设紧密型城市和集约型城市@f主编崔岳春, 张磊@zeng |
| 210 | @a北京@c社会科学文献出版社@d2020.11 | |
| 215 | @a283页@c图@d24cm | |
| 225 | 2 | @a皮书系列@Api shu xi lie |
| 300 | @a吉林省城市竞争力蓝皮书 2020版 “十二五”“十三五”国家重点图书出版规划项目 吉林省社会科学智库项目 | |
| 314 | @a崔岳春, 现任吉林省社会科学院城市发展研究所所长、研究员。张磊, 现任吉林省社会科学院农村发展研究所所长、研究员。 | |
| 320 | @a有书目 | |
| 330 | @a本书分为总报告、主题报告、地级市竞争力报告、县级市竞争力报告和特色报告五个部分。总报告包括2019年度吉林省地级市和县级市的竞争力排名和情况综述, 全面总结了全省各市竞争力的发展概况和综合表现。 | |
| 410 | 0 | @12001 @a皮书系列 |
| 510 | 1 | @aAnnual report on urban competitiveness of Jilin province@h2019-2020@zeng |
| 516 | 1 | @a2020吉林省城市竞争力报告@A2020 ji lin sheng cheng shi jing zheng li bao gao |
| 517 | 1 | @a建设紧密型城市和集约型城市@Ajian she jin mi xing cheng shi he ji yue xing cheng shi |
| 606 | 0 | @a城市@Acheng shi@x竞争力@x研究报告@y吉林@z2019-2020 |
| 690 | @aF299.273.4@v5 | |
| 701 | 0 | @a崔岳春,@Acui yue chun@f1964-@4主编 |
| 701 | 0 | @a张磊,@Azhang lei@f1962-@4主编 |
| 801 | 0 | @aCN@c20210909 |
| 905 | @a河南城建学院图书馆@dF299.273.4@eC978 | |
| 吉林省城市竞争力报告.2019-2020= Annual report on urban competitiveness of Jilin province.2019-2020:建设紧密型城市和集约型城市/主编崔岳春, 张磊.-北京:社会科学文献出版社,2020.11 |
| 283页:图;24cm.-(皮书系列) |
| 吉林省城市竞争力蓝皮书 2020版 “十二五”“十三五”国家重点图书出版规划项目 吉林省社会科学智库项目 |
| ISBN 978-7-5201-7348-3:CNY128.00 |
| 本书分为总报告、主题报告、地级市竞争力报告、县级市竞争力报告和特色报告五个部分。总报告包括2019年度吉林省地级市和县级市的竞争力排名和情况综述, 全面总结了全省各市竞争力的发展概况和综合表现。 |
| ● |
| 相关链接 |
|
|
|
正题名:吉林省城市竞争力报告
索取号:F299.273.4/C978
 
预约/预借
| 序号 | 登录号 | 条形码 | 馆藏地/架位号 | 状态 | 备注 |
| 1 | 1542209 | 215422095 | 社科库409/409社科库 31排6列4层/ [索取号:F299.273.4/C978] | 在馆 |